Speech: Exploring communication (Record no. 3796)

MARC details
000 -LEADER
fixed length control field 00398nam a22001577a 4500
008 - FIXED-LENGTH DATA ELEMENTS--GENERAL INFORMATION
fixed length control field 250605b |||||||| |||| 00| 0 eng d
020 ## - INTERNATIONAL STANDARD BOOK NUMBER
ISBN 0844275409
100 ## - MAIN ENTRY--AUTHOR
Author O'Connor J. Regis
245 ## - TITLE STATEMENT
Title Speech: Exploring communication
250 ## - EDITION STATEMENT
Edition statement 4th
260 ## - PUBLICATION, DISTRIBUTION, ETC. (IMPRINT)
Place of publication Chicago
Name of publisher National textbook company
Date of publication 1996
300 ## - COLLATION
Pagination 614p
650 ## - TRACINGS
Main Subject Oral communication
942 ## - ADDED ENTRY ELEMENTS (KOHA)
Item type Books
050 ## - LIBRARY OF CONGRESS CALL NUMBER
Classification number P 95
Item number .O 26
Holdings
Source of classification or shelving scheme Not for loan Permanent location Current location Date acquired Accession No. Full call number Barcode. Koha item type
Library of Congress Classification   Samuel Ogbemudia Main Library, University of Abuja Samuel Ogbemudia Main Library, University of Abuja 06/05/2025 2023/61221 P 95 .O 26 2025-2405 Books
Library of Congress Classification   Samuel Ogbemudia Main Library, University of Abuja Samuel Ogbemudia Main Library, University of Abuja 06/05/2025 2023/61221 P 95 .O 26 2025-2406 Books